Słowa z SZCZ - Statystyki

Ogólne statystyki
  • Ten quiz został rozwiązany 46 razy
  • Średni wynik to 10 z 35
Statystyki odpowiedzi
Hint Odpowiedź % Poprawnych
szczaw
84%
szczur
65%
. szczęście
59%
szczotka
54%
szczeniak
51%
szczęka
46%
leszcz
41%
szczupak
38%
szczyt
38%
wieszcz
38%
barszcz
35%
deszcz
35%
szczerość
35%
bluszcz
32%
puszcza
32%
szczegół
30%
paszcza
27%
szczerba
24%
szczypawka
24%
szczątki
22%
szczypce
22%
szczypiorek
22%
tłuszcz
22%
płaszcz
19%
roszczenie
19%
pszczoła
16%
szczucie
16%
uszczelka
14%
umaszczenie
11%
uszczerbek
11%
zaszczyt
11%
piszczenie
8%
płaszczka
8%
szczypta
8%
szczypanie
5%
Nie znaleziono quizów pasujących do podanych kryteriów
Rozkład punktacji
Procent ludzi z każdym wynikiem
Percentyl według liczby udzielonych odpowiedzi
Twoja historia wyników
Nie rozwiązałeś tego quizu